00947nam a22002657a 45000010005000000030006000050050017000110080041000280200018000690400029000870500013001160820010001291000032001392450094001712500027002652600035002923000045003275050007003725200164003795210018005435210018005616500033005796500024006127000045006365850FISKH20260401110023.0250124b cb ||||| |||| 00| 0 eng d a9780545335973 aFISKHbengcFISKHdFISKH aE312.P55 a973.4 aA.Pingry, Patriciad(1941-) aMeet George Washington /cby Patricia A. Pingry ; Illustrated by Stephen McFetridge Britt aFirst printing in 2011 aNew York :bScholastic,c2011. a27 pages :bcolor illustrations ;c21 cm aL  aA biography of the nation's first president, including his youth in Virginia, his army career, and his leadership of the newly formed United States of America.8 a520 bLexile 8 aL bRaz-Plus  2George WashingtonaBiography 2PresidentsaHistory aBritt, McFetridge Stephaniedillustrator